| 000 | 00882nam a2200265 a 4500 | ||
|---|---|---|---|
| 001 | 000006830 | ||
| 005 | 20260204085718.0 | ||
| 008 | 090903s2000 dr ac 000 0 spa d | ||
| 040 |
_aDO-SdBNP _bspa _cBNPHU |
||
| 082 |
_a395.54 _bP328e |
||
| 100 | 1 |
_aPaulino, Kirssy _918975 |
|
| 245 | 1 | 0 |
_aEtiqueta en la mesa. / _cKirssy Paulina ; prólogo Zoila Puello. |
| 260 |
_aSanto Domingo : _bClaridad, _c2000. |
||
| 300 |
_a144 p. : _bil., retrs. ; _c28 cm. |
||
| 500 | _aIncluye datos biográficos de la autora en la contracubierta | ||
| 504 | _aBibliografía: p. 143-144 | ||
| 590 | _aInventariado, 2018/VM | ||
| 650 | 4 |
_aEtiqueta en la mesa _918976 |
|
| 650 | 0 |
_aEtiqueta _9402 |
|
| 650 | 4 |
_aArte de servir la mesa _918977 |
|
| 650 | 0 |
_aCocina _9360 |
|
| 650 | 0 |
_aComidas y banquetes _918978 |
|
| 700 | 1 | 2 |
_aPuello, Zoila _epról. _918979 |
| 910 | _aValidado. Control de calidad MFF | ||
| 999 |
_c6618 _d6618 |
||